Pathways to human ecology : from observation to commitment
Αποθηκεύτηκε σε:
| Άλλοι συγγραφείς: | |
|---|---|
| Μορφή: | Βιβλίο |
| Γλώσσα: | English |
| Δημοσίευση: |
Bern :
Peter Lang,
c1994
|
| Θέματα: | |
| Ετικέτες: |
Προσθήκη ετικέτας
Δεν υπάρχουν, Καταχωρήστε ετικέτα πρώτοι!
|
MARC
| LEADER | 00000nam a2200000 i 4500 | ||
|---|---|---|---|
| 001 | 1/70209 | ||
| 008 | 981119s1994 eng d | ||
| 020 | |a 3-906753-17-4 | ||
| 035 | |l 10030578 | ||
| 040 | |a GR-MY-UA |b gre |e aacr | ||
| 041 | 0 | |a eng | |
| 082 | 0 | |a 304.2 | |
| 245 | 1 | 0 | |a Pathways to human ecology : |b from observation to commitment / |c edited by Huib Ernste |
| 260 | |a Bern : |b Peter Lang, |c c1994 | ||
| 300 | |a 277 p. | ||
| 500 | |a Contributions in English and German: Bibliography of Dieter Steiner: p. 271-277 | ||
| 504 | |a Includes bibliographical references | ||
| 600 | 1 | 0 | |a Steiner Dieter |x Bibliography. |
| 650 | 0 | 0 | |a Human ecology. |
| 650 | 0 | 0 | |a Human geography. |
| 700 | 1 | |a Ernste, Huib. |4 edt | |
| 852 | |a INST |b LESVOS |e 19981119 |h 304.2 PAT |p 005100018290 |q 005100018290 |t BK |y 0 | ||
| 901 | |a BIBL-1999-1 | ||
| 909 | |a Λ |b 059826 | ||
| 922 | |a 1ΕΛΗ |b 199810 |c ΚΠΣ/ΤΓ |d ΠΑΠΑΣΩΤΗΡΙΟΥ | ||
| 950 | |a 118-1998-07-21 | ||